Normal view
MARC view
- Osterloh, Margit Frey, Bruno S
Entry Personal Name
001 - CONTROL NUMBER
- control field: 58309
003 - CONTROL NUMBER IDENTIFIER
- control field: NUST
005 - DATE AND TIME OF LATEST TRANSACTION
- control field: 20210628202116.0
008 - FIXED-LENGTH DATA ELEMENTS
- fixed length control field: 210628|| aca||aabn | a|a d
040 ## - CATALOGING SOURCE
- Original cataloging agency: NUST
- Transcribing agency: NUST
100 ## - HEADING--PERSONAL NAME
- Personal name: Osterloh, Margit Frey, Bruno S
670 ## - SOURCE DATA FOUND
- Source citation: Work cat.: (NUST): Osterloh, Margit Frey, Bruno S, Successful management by motivation, balancing intrinsic and extrinsic incentives, 2002
